| 000 | 00679 a2200169 4500 | ||
|---|---|---|---|
| 003 | Nust | ||
| 005 | 20230309172403.0 | ||
| 040 | _cNust | ||
| 082 | _a355.0092,ALL | ||
| 100 |
_aKenneth Allen _9110102 |
||
| 245 |
_aSoldiers in battle / _cKenneth Allen |
||
| 260 |
_aLondon _bOdhams Books |
||
| 300 | _a176:p | ||
| 505 | _aMegiddo (Page-7), Thermopylae (Page-7), Somewhere in Britain (Page-19), Ethandune (Page-33), Hastings (Page-55), Bannockburn (Page-66), Constantinople (Page-80), Naseby (Page-91) Québec (Page-103), Waterloo (Page-116), Balaclava (Page-134), another Megiddo (Page-151), El. Alamein (Page-165). | ||
| 650 |
_aSoldiers in battle _9110103 |
||
| 942 |
_2ddc _cBK |
||
| 999 |
_c185068 _d185068 |
||